000 00302nam a2200133Ia 4500
100 _aFrankland/T.W
942 _cBK
654 _aHand Book
245 _aPipe Fitter''''s & Pipe Welder''''s Hand Book
260 _bBailey Bros
_aLondon
_c1973
082 _a671.02
300 _a175
546 _aENGLISH
999 _c34723
_d34723